| 000 | 00612nam a22001697a 4500 | ||
|---|---|---|---|
| 999 |
_c16511 _d16511 |
||
| 008 | 220221b ||||| |||| 00| 0 eng d | ||
| 020 | _a9789719647447 | ||
| 082 |
_22021 _aDFil 364.068 _bG11 |
||
| 100 |
_aGabao, Ramil G., author _932322 |
||
| 245 |
_aPhilippine criminal justice system: _ban introduction/ _cRamil G. Gabao |
||
| 250 | _aFifth edition | ||
| 260 |
_aNovaliches, Quezon City: _bChapter House Publishing Inc., _c©2021. |
||
| 300 |
_a182 pages: _billustration; _c22 cm. |
||
| 500 | _aIncludes appendices. | ||
| 650 |
_aAdministration of criminal justice -- Philippines. _940439 |
||
| 942 |
_2ddc _cDFIL |
||